Many Ramayanas (Record no. 11677)

MARC details
000 -LEADER
fixed length control field 00403nam a2200169 a 4500
020 ## - INTERNATIONAL STANDARD BOOK NUMBER
ISBN 0195183
082 00 - DEWEY DECIMAL CLASSIFICATION NUMBER
Classification number 294.5922
Author Cutter RIC
100 ## - MAIN ENTRY--AUTHOR NAME
Author name Richman, Paul Ed
245 ## - TITLE STATEMENT
Title Many Ramayanas
260 ## - PUBLICATION, DISTRIBUTION, ETC. (IMPRINT)
Place of publication Londan
Name of publisher Oxford University Press
Year of publication 1992
300 ## - PHYSICAL DESCRIPTION
Number of Pages 273p
500 ## - GENERAL NOTE
General note includes index and biblioraphy
505 2# - FORMATTED CONTENTS NOTE
Formatted contents note Index
650 ## - SUBJECT ADDED ENTRY--TOPICAL TERM
Topical Term Ramayana
942 ## - ADDED ENTRY ELEMENTS (KOHA)
Koha item type Books
700 1# -
-- Richaman, Paul Ed
Holdings
Collection code Home library Current library Date acquired Cost, normal purchase price Full call number Accession Number Koha item type
  Henry Martyn Institute Library Henry Martyn Institute Library 07/26/2007 120.00 294.5922 RIC 015791 Books
                   Copyright © 2026 | Henry Martyn Institute | Hyderabad | TS-500052 | INDIA | Implemented by hmi.edu.in
Hit-Count:

Powered by Koha